<?xml version="1.0" encoding="UTF-8"?><?xml-stylesheet type="text/xsl" href="static/style.xsl"?><OAI-PMH xmlns="http://www.openarchives.org/OAI/2.0/" xmlns:xsi="http://www.w3.org/2001/XMLSchema-instance" xsi:schemaLocation="http://www.openarchives.org/OAI/2.0/ http://www.openarchives.org/OAI/2.0/OAI-PMH.xsd"><responseDate>2026-06-01T18:05:58Z</responseDate><request verb="GetRecord" identifier="oai:riuma.uma.es:10630/31442" metadataPrefix="marc">https://riuma.uma.es/rest/oai/request</request><GetRecord><record><header><identifier>oai:riuma.uma.es:10630/31442</identifier><datestamp>2026-02-03T11:31:41Z</datestamp><setSpec>com_10630_2254</setSpec><setSpec>col_10630_37953</setSpec></header><metadata><record xmlns="http://www.loc.gov/MARC21/slim" xmlns:dcterms="http://purl.org/dc/terms/" xmlns:doc="http://www.lyncode.com/xoai" xmlns:xsi="http://www.w3.org/2001/XMLSchema-instance" xsi:schemaLocation="http://www.loc.gov/MARC21/slim http://www.loc.gov/standards/marcxml/schema/MARC21slim.xsd">
   <leader>00925njm 22002777a 4500</leader>
   <datafield ind2=" " ind1=" " tag="042">
      <subfield code="a">dc</subfield>
   </datafield>
   <datafield ind2=" " ind1=" " tag="720">
      <subfield code="a">Jover Pérez, Daniel</subfield>
      <subfield code="e">author</subfield>
   </datafield>
   <datafield ind2=" " ind1=" " tag="720">
      <subfield code="a">Santos Jaén, José Manuel</subfield>
      <subfield code="e">author</subfield>
   </datafield>
   <datafield ind2=" " ind1=" " tag="720">
      <subfield code="a">López-Marfil, Lidia</subfield>
      <subfield code="e">author</subfield>
   </datafield>
   <datafield ind2=" " ind1=" " tag="720">
      <subfield code="a">León-Gómez, Ana María</subfield>
      <subfield code="e">author</subfield>
   </datafield>
   <datafield ind2=" " ind1=" " tag="260">
      <subfield code="c">2022</subfield>
   </datafield>
   <datafield ind2=" " ind1=" " tag="520">
      <subfield code="a">En la actualidad, la Responsabilidad Social Corporativa (RSC) es un área que  adquiere una gran importancia en el mundo empresarial. Por este motivo, las empresas han  establecido la necesidad de adquirir y desarrollar las competencias necesarias en el campo  de la RSC. En este contexto, la formación universitaria ha recibido una considerable atención  crítica, ya que es la encargada de dotar a los futuros profesionales de las habilidades  necesarias en este ámbito. A pesar de su reciente alcance, la literatura empírica publicada  hasta el momento no da clara evidencia de la percepción que los alumnos de Administración  y Dirección de Empresas (ADE) tienen sobre la RSC. Por tanto, este estudio tiene como  objetivo analizar la percepción que poseen los estudiantes de ADE de la Universidad de  Murcia sobre la RSC. Los resultados alcanzados en esta investigación ponen de manifiesto las actitudes positivas de los estudiantes de ADE hacia la RSC.</subfield>
   </datafield>
   <datafield ind1="8" ind2=" " tag="024">
      <subfield code="a">Jover Pérez, D., Santos Jaén, J. M., López Marfil, L., &amp; León Gómez, A. (2022). La Responsabilidad Social Corporativa en la formación universitaria: ¿Cuál es la percepción de los estudiantes de Administración y Dirección de Empresas? La Razón Histórica. Revista hispanoamericana de Historia de las Ideas, 55, 127-147. IPS. Instituto de Política Social. ISSN 1989-2659.</subfield>
   </datafield>
   <datafield ind1="8" ind2=" " tag="024">
      <subfield code="a">1989-2659</subfield>
   </datafield>
   <datafield ind1="8" ind2=" " tag="024">
      <subfield code="a">https://hdl.handle.net/10630/31442</subfield>
   </datafield>
   <datafield tag="653" ind2=" " ind1=" ">
      <subfield code="a">Empresas - Gestión - Estudio y enseñanza superior</subfield>
   </datafield>
   <datafield tag="653" ind2=" " ind1=" ">
      <subfield code="a">Responsabilidad social de la empresa</subfield>
   </datafield>
   <datafield ind2="0" ind1="0" tag="245">
      <subfield code="a">La responsabilidad social corporativa en la formación universitaria: ¿Cuál es la percepción de los estudiantes de Administración y Dirección de Empresas?</subfield>
   </datafield>
</record>
</metadata></record></GetRecord></OAI-PMH>